Japonské riadenie kvality. 1

Motivačný systém pracovníkov s následným zvýšením kvality pracovného života prostredníctvom krúžkov kvality. Začlenenie krúžkov do kontrolného a sociálneho systému podniku. Kontrola kvality na pracovisku. Dobrovoľnosť práce v krúžku. Motivačný proces. Využívanie znalostí a zručností v krúžkoch.

Na minha lista:
Detalhes bibliográficos
Autor principal: Sojka, Leonard
Outros Autores: Pisarský, R.
Formato: Capítulo de Livro
Idioma:eslovaco
Assuntos:
Tags: Adicionar Tag
Sem tags, seja o primeiro a adicionar uma tag!

MARC

LEADER 00000naa a2200000 4500
001 r015514
005 20221205091140.5
041 0 |a slo 
044 |a SK 
245 1 0 |a Japonské riadenie kvality. 1  |c L. Sojka, R. Pisarský 
520 |a Motivačný systém pracovníkov s následným zvýšením kvality pracovného života prostredníctvom krúžkov kvality. Začlenenie krúžkov do kontrolného a sociálneho systému podniku. Kontrola kvality na pracovisku. Dobrovoľnosť práce v krúžku. Motivačný proces. Využívanie znalostí a zručností v krúžkoch. 
610 2 0 |a riadenie kvality 
610 2 0 |a kvalita 
610 2 0 |a Japonsko 
610 2 0 |a podnik 
610 2 0 |a skupiny pracovné 
610 2 0 |a motivácia 
610 2 0 |a kontrola 
610 2 0 |a schopnosti pracovné 
610 2 0 |a pracovisko 
100 1 |a Sojka, Leonard 
700 1 |a Pisarský, R.